Usos del cobre: instalaciones sanitarias
Na minha lista:
| Main Authors: | , |
|---|---|
| Formato: | Livro |
| Idioma: | espanhol |
| Publicado em: |
Santiago
Procobre
2000
|
| Edição: | 1a. ed |
| Assuntos: | |
| Tags: |
Adicionar Tag
Sem tags, seja o primeiro a adicionar uma tag!
|
MARC
| LEADER | 00000cam a2200000 a 4500 | ||
|---|---|---|---|
| 001 | UCB0172 | ||
| 003 | CL-VaPUC | ||
| 005 | 20240327102322.0 | ||
| 008 | 191213e20000000cl spa d | ||
| 999 | |c 376369 |d 376367 | ||
| 040 | |c Pontificia Universidad Católica de Valparaíso | ||
| 082 | 0 | 4 | |a 696.2 |b FUE |2 21 |
| 100 | 1 | |a Fuentes R., Jacinto |e author |9 605504 | |
| 245 | 1 | 0 | |a Usos del cobre: instalaciones sanitarias |
| 250 | |a 1a. ed | ||
| 260 | |a Santiago |b Procobre |c 2000 | ||
| 300 | |a 217 p | ||
| 583 | |a last modification |c 20191213 11:48:00 |k Rodrigo Vera | ||
| 650 | 0 | 0 | |a Tuberías |2 CL-VaPUC |9 259420 |
| 650 | 0 | 0 | |a Gasoductos |2 CL-VaPUC |9 782375 |
| 650 | 0 | 0 | |a Instalaciones de gas |2 CL-VaPUC |9 262735 |
| 700 | 1 | |a Osorio S., Denis |e author |9 605505 | |
| 942 | |c BK |2 ddc | ||
| 945 | |a dcastane |d 20191213 11:48:00 | ||
| 952 | |0 0 |1 0 |3 erb |4 0 |6 696_200000000000000_FUE_2000 |7 0 |8 ? |9 495765 |a BIBING |b BIBING |i 561323K |o 696.2 FUE 2000 |p 561323K |r 2025-01-20 |w 2020-01-06 |y BK |z Catalogado en:20191213 |k ING | ||